[Event "CYCC U14 "]
[Site "Hamilton CAN"]
[Date "2022.07.10"]
[Round "5.16"]
[White "Khaimovich, Lev"]
[Black "Pollitt, Henry"]
[Result "1/2-1/2"]
[WhiteElo "1259"]
[BlackElo "1114"]
[PlyCount "131"]
[EventDate "2022.07.08"]
[EventType "swiss"]
[EventRounds "7"]
[EventCountry "CAN"]

1. e4 e6 2. d4 d5 3. e5 c5 4. c3 Nc6 5. Nf3 Qb6 6. a3 cxd4 7. cxd4 Nge7 8. b4
Nf5 9. Bb2 a6 10. Bd3 Nfe7 11. O-O Ng6 12. Ng5 Be7 13. f4 Bxg5 14. fxg5 O-O 15.
Bxg6 fxg6 16. Rxf8+ Kxf8 17. Qf3+ Kg8 18. Qe3 Bd7 19. Nd2 Rf8 20. Nb3 Qa7 21.
Rc1 b6 22. g4 Nd8 23. Rc2 Bb5 24. Rf2 Rxf2 25. Kxf2 Qf7+ 26. Qf3 Qe7 27. Qf4
Nf7 28. h4 h6 29. Bc1 hxg5 30. hxg5 Qc7 31. Qe3 Qc4 32. Bd2 Qf1+ 33. Kg3 Qh1
34. Qf2 Bf1 35. Qh2 Qe4 36. Qf2 Be2 37. Qf4 Qc2 38. Nc1 Bc4 39. Qe3 Qd1 40. Qe1
Qa4 41. Qe3 Nd8 42. Qc3 Nc6 43. Nd3 Qd1 44. Ne1 Qe2 45. Qe3 Qxe3+ 46. Bxe3 a5
47. Nc2 Bd3 48. Ne1 Be4 49. b5 Na7 50. a4 Bb1 51. Kf2 Ba2 52. Nd3 Bb3 53. Nb2
Kf7 54. Ke2 Bc2 55. Kd2 Be4 56. Ke2 Ke7 57. Kd2 Bf3 58. Kc3 Bxg4 59. Kb3 Bf5
60. Ka3 Kd7 61. Bd2 Nc8 62. Be3 Ne7 63. Kb3 Bg4 64. Bf2 Nf5 65. Kc3 Be2 66. Kb3
1/2-1/2

[Event "CYCC U14 "]
[Site "Hamilton CAN"]
[Date "2022.07.10"]
[Round "5.17"]
[White "Georges, Maxim"]
[Black "Zeng, Gordon"]
[Result "1-0"]
[WhiteElo "1226"]
[BlackElo "929"]
[PlyCount "83"]
[EventDate "2022.07.08"]
[EventType "swiss"]
[EventRounds "7"]
[EventCountry "CAN"]

1. e4 e5 2. Nf3 Nc6 3. Bc4 Bc5 4. c3 Nf6 5. d4 exd4 6. cxd4 Bb4+ 7. Bd2 Nxe4 8.
Bxf7+ Kxf7 9. Qb3+ d5 10. Bxb4 Re8 11. O-O Nxb4 12. Qxb4 a5 13. Qb3 Ng5 14.
Ne5+ Kg8 15. Nc3 c6 16. f4 Nf7 17. Ne4 Nxe5 18. fxe5 Be6 19. Nd6 Rf8 20. Nxb7
Qg5 21. Rxf8+ Rxf8 22. Nc5 Qd2 23. Qd1 Qxd1+ 24. Rxd1 Bg4 25. Rf1 Rb8 26. h3
Be2 27. Rf2 Rxb2 28. Nd7 h6 29. e6 Rb1+ 30. Kh2 Bh5 31. Rf8+ Kh7 32. e7 Re1 33.
Ne5 Rd1 34. g4 Rd2+ 35. Kg3 Bg6 36. Nxg6 Rd3+ 37. Rf3 Rxf3+ 38. Kxf3 Kxg6 39.
e8=Q+ Kg5 40. Qe6 h5 41. Qf5+ Kh6 42. Qxh5# 1-0

[Event "CYCC U14 "]
[Site "Hamilton CAN"]
[Date "2022.07.10"]
[Round "5.19"]
[White "Huang, Winston"]
[Black "Odoemelam, Daniel"]
[Result "0-1"]
[WhiteElo "1131"]
[BlackElo "1559"]
[PlyCount "74"]
[EventDate "2022.07.08"]
[EventType "swiss"]
[EventRounds "7"]
[EventCountry "CAN"]

1. d4 d5 2. c4 c6 3. Nc3 Nf6 4. Nf3 Bf5 5. Qb3 Qb6 6. Qxb6 axb6 7. Bf4 e6 8. a3
Be7 9. e3 Nbd7 10. Be2 Nh5 11. Bg5 Bxg5 12. Nxg5 Nhf6 13. cxd5 exd5 14. h3 h6
15. Nf3 O-O 16. O-O Rfe8 17. Rac1 Ne4 18. Nxe4 Bxe4 19. Rfe1 c5 20. Nd2 Rac8
21. Nxe4 dxe4 22. Bg4 Red8 23. Red1 g6 24. Be2 Nf6 25. dxc5 Rxd1+ 26. Rxd1 Rxc5
27. Rd6 Rc6 28. Rxc6 bxc6 29. b4 b5 30. f3 Kf8 31. fxe4 Nxe4 32. Bf3 f5 33. g4
Ke7 34. gxf5 gxf5 35. Kg2 Kf6 36. Bh5 Nd6 37. Kf3 Kg5 0-1

[Event "CYCC U14 "]
[Site "Hamilton CAN"]
[Date "2022.07.10"]
[Round "5.20"]
[White "Chen, Sam"]
[Black "Singh, Udayveer"]
[Result "1-0"]
[WhiteElo "1299"]
[BlackElo "1018"]
[PlyCount "109"]
[EventDate "2022.07.08"]
[EventType "swiss"]
[EventRounds "7"]
[EventCountry "CAN"]

1. e4 c6 2. d4 d5 3. exd5 cxd5 4. c4 Nf6 5. Nc3 e6 6. Nf3 Nc6 7. Be2 dxc4 8.
Bxc4 Be7 9. O-O O-O 10. Bf4 a6 11. a4 Re8 12. d5 exd5 13. Bxd5 Nxd5 14. Nxd5
Bd6 15. Bxd6 Qxd6 16. Nb6 Qxd1 17. Raxd1 Rb8 18. Rfe1 Bg4 19. h3 Rxe1+ 20. Rxe1
Bxf3 21. gxf3 Rd8 22. Nd5 h6 23. Ne7+ Nxe7 24. Rxe7 Rd4 25. Re4 Rxe4 26. fxe4
Kf8 27. f4 Ke7 28. Kf2 Kd6 29. b4 f6 30. Kf3 Ke6 31. Kg4 Kf7 32. Kh5 Kg8 33.
Kg6 Kf8 34. a5 Kg8 35. e5 fxe5 36. fxe5 Kf8 37. h4 Kg8 38. h5 Kf8 39. Kf5 Kf7
40. e6+ Ke7 41. Ke5 Kf8 42. Kd6 Ke8 43. e7 Kf7 44. Kd7 g5 45. hxg6+ Kxg6 46.
e8=Q+ Kg5 47. Qf7 h5 48. Ke6 Kh4 49. Qg6 Kh3 50. Qxh5+ Kg3 51. Ke5 Kg2 52. Ke4
Kg3 53. Qf3+ Kh4 54. Qg2 b5 55. Kf4 1-0

[Event "CYCC U14 "]
[Site "Hamilton CAN"]
[Date "2022.07.10"]
[Round "5.21"]
[White "Jiao, Dian Bing"]
[Black "Leveille, Zachary"]
[Result "1-0"]
[WhiteElo "1188"]
[BlackElo "691"]
[PlyCount "115"]
[EventDate "2022.07.08"]
[EventType "swiss"]
[EventRounds "7"]
[EventCountry "CAN"]

1. d4 d5 2. c4 Nf6 3. cxd5 Qxd5 4. Nc3 Qd8 5. Nf3 Bf5 6. e3 e6 7. Bb5+ Nbd7 8.
Bd3 Bg6 9. e4 Bb4 10. Bg5 h6 11. Bh4 Be7 12. O-O Nb6 13. Ne5 Bh7 14. f4 Qxd4+
15. Kh1 Qd8 16. Qf3 Nfd7 17. Bxe7 Nxe5 18. Bxd8 Nxf3 19. Bxc7 Nd4 20. Be5 Nc6
21. Bxg7 Rg8 22. Bxh6 f6 23. f5 exf5 24. exf5 Kd7 25. Rad1 Kc7 26. Bf4+ Ne5 27.
Rfe1 Rge8 28. Bxe5+ Rxe5 29. Rxe5 fxe5 30. Be4 Rf8 31. g4 Rg8 32. h3 Rh8 33.
Nd5+ Nxd5 34. Bxd5 Rd8 35. Bb3 Rxd1+ 36. Bxd1 Kd6 37. Kg2 Ke7 38. Kf3 Kf6 39.
Ke4 Bg8 40. Bb3 Bh7 41. Bd5 b6 42. b4 a5 43. bxa5 bxa5 44. a3 Ke7 45. Kxe5 Kf8
46. g5 Bxf5 47. Kxf5 Kg7 48. h4 Kh8 49. g6 a4 50. Bc6 Kg7 51. Bxa4 Kh8 52. Bd1
Kg7 53. a4 Kh8 54. a5 Kg7 55. a6 Kh8 56. a7 Kg7 57. a8=Q Kh6 58. Qh8# 1-0

[Event "CYCC U14 "]
[Site "Hamilton CAN"]
[Date "2022.07.10"]
[Round "5.22"]
[White "Kheni, Kush"]
[Black "Broekema, Lincoln"]
[Result "0-1"]
[WhiteElo "907"]
[BlackElo "1151"]
[PlyCount "120"]
[EventDate "2022.07.08"]
[EventType "swiss"]
[EventRounds "7"]
[EventCountry "CAN"]

1. d4 Nf6 2. Nf3 e6 3. Bf4 d5 4. e3 Bd6 5. Bg5 Nbd7 6. Bd3 c5 7. c3 Qc7 8. Bh4
b6 9. Bg3 Bb7 10. O-O Bxg3 11. fxg3 e5 12. dxe5 Nxe5 13. Nxe5 Qxe5 14. Qd2 O-O
15. Rf5 Qe7 16. Qe2 Rfe8 17. Nd2 Qxe3+ 18. Qxe3 Rxe3 19. Rf3 Rae8 20. Kf1 d4
21. Rxe3 Rxe3 22. Be2 dxc3 23. bxc3 Rxc3 24. Nb3 h6 25. Rc1 Rxc1+ 26. Nxc1 Bd5
27. Nb3 a5 28. Bb5 Ne4 29. Be2 Bxb3 30. axb3 Nd2+ 31. Ke1 Nxb3 32. Kd1 Nd4 33.
Bc4 b5 34. Bd5 a4 35. Kd2 b4 36. Kc1 a3 37. Kb1 b3 38. Bxb3 Nxb3 39. Ka2 c4 40.
Kxa3 Kf8 41. Kb4 Na5 42. h4 Ke7 43. Kc3 Kf6 44. g4 Ke5 45. g5 hxg5 46. h5 Kf4
47. g4 Kxg4 48. h6 gxh6 49. Kb4 h5 50. Kxa5 c3 51. Kb4 c2 52. Kc4 c1=Q+ 53. Kd4
Qf4+ 54. Kd5 h4 55. Kc5 h3 56. Kd5 h2 57. Kc5 h1=Q 58. Kb5 Qd5+ 59. Kb6 Qb8+
60. Ka6 Qdb5# 0-1

[Event "CYCC U14 "]
[Site "Hamilton CAN"]
[Date "2022.07.10"]
[Round "5.23"]
[White "Shen, Yining"]
[Black "Johnson, William"]
[Result "1-0"]
[WhiteElo "840"]
[BlackElo "1082"]
[PlyCount "89"]
[EventDate "2022.07.08"]
[EventType "swiss"]
[EventRounds "7"]
[EventCountry "CAN"]

1. e4 e5 2. Nf3 Nc6 3. d4 exd4 4. Bc4 h6 5. Nxd4 Nge7 6. Be3 d5 7. Nxc6 bxc6 8.
exd5 cxd5 9. Bb3 c6 10. c4 Be6 11. Nc3 dxc4 12. Qxd8+ Rxd8 13. Ba4 Bd5 14. Nxd5
Rxd5 15. O-O g6 16. Rad1 Ra5 17. b3 Bg7 18. Bd2 Ra6 19. Rfe1 c3 20. Bf4 Bf6 21.
Rd6 Bg5 22. Bxg5 hxg5 23. Bxc6+ Kf8 24. Rd8+ Kg7 25. Rxh8 Kxh8 26. Bb5 Rb6 27.
Bc4 Nc6 28. Rc1 Nb4 29. Rxc3 Nxa2 30. Rc2 Nb4 31. Rc1 Rb7 32. Be2 Re7 33. Kf1
Re6 34. Bc4 Rc6 35. Ra1 Rc7 36. Ra5 Nc6 37. Rxg5 a5 38. Rc5 Kg7 39. Bd5 Rd7 40.
Bxc6 Rc7 41. Ke2 Kf6 42. Kd3 Ke6 43. Bd5+ Kd6 44. Rxc7 Kxc7 45. Bxf7 1-0

[Event "CYCC U14 "]
[Site "Hamilton CAN"]
[Date "2022.07.10"]
[Round "5.24"]
[White "Hong, Zihan"]
[Black "Levanon, Peled"]
[Result "0-1"]
[WhiteElo "841"]
[BlackElo "1028"]
[PlyCount "100"]
[EventDate "2022.07.08"]
[EventType "swiss"]
[EventRounds "7"]
[EventCountry "CAN"]

1. e4 c5 2. Nf3 e6 3. Nc3 Nc6 4. d4 cxd4 5. Nxd4 a6 6. Bc4 Qc7 7. Be3 Nf6 8.
Bb3 Bb4 9. f3 Ne5 10. Bd2 Nc4 11. Bxc4 Qxc4 12. Nce2 Bxd2+ 13. Qxd2 Qc7 14. Rc1
O-O 15. g4 h6 16. h4 Nh7 17. g5 hxg5 18. hxg5 g6 19. Nf4 Qe5 20. Nh3 d5 21. Rh2
dxe4 22. f4 Qd5 23. a3 Rd8 24. Rd1 e5 25. Nb3 Qxd2+ 26. Rdxd2 Bxh3 27. Rxh3
exf4 28. Rg2 Rd5 29. Rg4 Nxg5 30. Rh1 Rad8 31. Ke2 Rf5 32. Rgh4 Kg7 33. Rf1 Ne6
34. Nd2 Nd4+ 35. Ke1 Nxc2+ 36. Ke2 f3+ 37. Nxf3 exf3+ 38. Rxf3 Nd4+ 39. Rxd4
Rxd4 40. Rb3 Re5+ 41. Kf3 b5 42. Rc3 Rc4 43. Rb3 f5 44. Kf2 Kf6 45. Rf3 g5 46.
Kg2 Rc2+ 47. Kg3 Rxb2 48. Rd3 Rbe2 49. Rd6+ Re6 50. Rd3 R6e3+ 0-1

[Event "CYCC U14 "]
[Site "Hamilton CAN"]
[Date "2022.07.10"]
[Round "5.25"]
[White "Sun, Jonathan"]
[Black "Harihara, Vikrant"]
[Result "0-1"]
[WhiteElo "873"]
[BlackElo "1242"]
[PlyCount "72"]
[EventDate "2022.07.08"]
[EventType "swiss"]
[EventRounds "7"]
[EventCountry "CAN"]

1. d4 Nf6 2. Nf3 e6 3. Bg5 Be7 4. Nc3 d5 5. e3 O-O 6. Bd3 b6 7. Ne5 c5 8. Qf3
Bb7 9. Qg3 Ne4 10. Bxe4 Bxg5 11. Bf3 Nc6 12. h4 Bh6 13. Ng4 Kh8 14. Nxh6 gxh6
15. Qf4 cxd4 16. exd4 Kg7 17. Rh3 Kh8 18. Be2 f5 19. Rg3 Qf6 20. Qc7 Nxd4 21.
Bd3 Rf7 22. Qf4 e5 23. Qd2 Qxh4 24. Rh3 Qxh3 25. f3 Qh1+ 26. Bf1 Ba6 27. O-O-O
Bxf1 28. Qf2 Qxg2 29. Rxf1 Qxf2 30. Rxf2 Rd8 31. Kd2 Ne6 32. Ne2 Rg7 33. b3
Rdg8 34. Nc3 Rg2 35. Rxg2 Rxg2+ 36. Kd3 Nc5+ 0-1

[Event "CYCC U14 "]
[Site "Hamilton CAN"]
[Date "2022.07.10"]
[Round "6.1"]
[White "Lu, Tony"]
[Black "Lin, Leo"]
[Result "0-1"]
[WhiteElo "1773"]
[BlackElo "2189"]
[PlyCount "82"]
[EventDate "2022.07.08"]
[EventType "swiss"]
[EventRounds "7"]
[EventCountry "CAN"]

1. Nf3 Nf6 2. g3 g6 3. Bg2 d5 4. d4 Bg7 5. O-O O-O 6. c4 c6 7. Nc3 a6 8. Ne5
Be6 9. cxd5 cxd5 10. b3 Nbd7 11. f4 Rc8 12. Bb2 Nxe5 13. fxe5 Ng4 14. Qd2 Bh6
15. Qd3 Ne3 16. Rf3 Bf5 17. Qd2 Ng4 18. Qe1 Be3+ 19. Kh1 Bxd4 20. Rd1 Bxc3 21.
Rxc3 Rxc3 22. Bxc3 Ne3 23. Rd4 Nc2 24. Qd2 Nxd4 25. Qxd4 e6 26. h4 Be4 27. Bb4
Bxg2+ 28. Kxg2 Re8 29. Bd2 Qc7 30. Bh6 Qc2 31. Kh3 Qf5+ 32. g4 Qf1+ 33. Kg3 Rc8
34. Bg5 Qxe2 35. Bf6 Qe1+ 36. Kf4 Rc3 37. Kg5 Qc1+ 38. Qf4 h6+ 39. Kxh6 Qxf4+
40. Bg5 Qxg4 41. h5 Qxh5# 0-1

[Event "CYCC U14 "]
[Site "Hamilton CAN"]
[Date "2022.07.10"]
[Round "6.2"]
[White "Yang, Jingyun (Ryan)"]
[Black "Huang, Richard"]
[Result "1-0"]
[WhiteElo "2141"]
[BlackElo "1953"]
[PlyCount "92"]
[EventDate "2022.07.08"]
[EventType "swiss"]
[EventRounds "7"]
[EventCountry "CAN"]

1. g3 g6 2. Bg2 Bg7 3. Nf3 Nf6 4. c4 O-O 5. O-O c6 6. Nc3 d5 7. cxd5 cxd5 8. d4
Nc6 9. Bg5 Ne4 10. Bf4 e6 11. e3 Nxc3 12. bxc3 Bd7 13. Rb1 b6 14. Nd2 Rc8 15.
c4 Ne7 16. cxd5 exd5 17. Qb3 Be6 18. Rbc1 Qd7 19. Qa3 Rfd8 20. h4 h6 21. Rfe1
Nc6 22. f3 Na5 23. Bf1 Bf8 24. Qb2 Nc4 25. Bxc4 dxc4 26. Ne4 Be7 27. d5 Bxd5
28. Bxh6 f6 29. Qxf6 Bxf6 30. Nxf6+ Kf7 31. Nxd7 Rxd7 32. e4 Be6 33. Rc3 b5 34.
f4 b4 35. Rc2 c3 36. h5 Bc4 37. Rh2 gxh5 38. f5 Rg8 39. Bf4 a5 40. e5 Rd4 41.
e6+ Ke7 42. f6+ Kd8 43. f7 Bxe6 44. fxg8=R+ Bxg8 45. Rxh5 Bxa2 46. Rh7 Rd7 1-0

[Event "CYCC U14 "]
[Site "Hamilton CAN"]
[Date "2022.07.10"]
[Round "6.3"]
[White "Su, Ethan"]
[Black "Kot, Emanuel"]
[Result "0-1"]
[WhiteElo "1987"]
[BlackElo "1994"]
[PlyCount "156"]
[EventDate "2022.07.08"]
[EventType "swiss"]
[EventRounds "7"]
[EventCountry "CAN"]

1. d4 d5 2. c4 e6 3. Nf3 Nf6 4. Nc3 c5 5. e3 dxc4 6. Bxc4 a6 7. a4 Nc6 8. O-O
Be7 9. b3 O-O 10. Bb2 b6 11. Qd2 Bb7 12. Rad1 cxd4 13. exd4 Nb4 14. Ne5 Ne4 15.
Nxe4 Bxe4 16. f3 Bd5 17. Ba3 a5 18. Bxd5 Qxd5 19. Nc4 Qb7 20. Ne3 Rfd8 21. Qe2
Nd5 22. Bb2 Nxe3 23. Qxe3 Rac8 24. Rc1 b5 25. axb5 Qxb5 26. Ba1 Ba3 27. Rc3 Bb4
28. Rxc8 Rxc8 29. Rc1 Rxc1+ 30. Qxc1 h6 31. Qc8+ Kh7 32. Qc2+ g6 33. Bb2 Bd6
34. g3 Qd5 35. Kg2 Bb4 36. Ba1 Qb5 37. Bb2 Qh5 38. Bc3 Qb5 39. Bxb4 axb4 40.
Qd2 Qa5 41. Kf2 Kg7 42. Qb2 Qa3 43. Qb1 Kf6 44. Kg2 Qa7 45. Qb2 Ke7 46. Qd2 Qa3
47. Qc2 Kf6 48. Qb1 h5 49. h4 Kg7 50. Kf2 Kg8 51. Kg2 Kf8 52. Kf2 Qa7 53. Qb2
Qa3 54. Qb1 Qa5 55. Qc2 Kg8 56. Qd2 Qa3 57. Qc2 Qa1 58. Qd2 Qa5 59. Qb2 Qb6 60.
Qd2 Kf8 61. Qd3 e5 62. Ke3 Kg8 63. Qc4 exd4+ 64. Kd3 Qb7 65. Qxd4 Qxf3+ 66. Qe3
Qxe3+ 67. Kxe3 f6 68. Kd4 g5 69. Kc4 f5 70. Kd4 Kf7 71. hxg5 Kg6 72. Ke3 Kxg5
73. Kf3 f4 74. gxf4+ Kf5 75. Kg3 Ke4 76. Kh4 Kxf4 77. Kxh5 Ke4 78. Kg4 Kd3 0-1

[Event "CYCC U14 "]
[Site "Hamilton CAN"]
[Date "2022.07.10"]
[Round "6.4"]
[White "Han, Johnathan"]
[Black "Yang, Lefan"]
[Result "0-1"]
[WhiteElo "2232"]
[BlackElo "1738"]
[PlyCount "114"]
[EventDate "2022.07.08"]
[EventType "swiss"]
[EventRounds "7"]
[EventCountry "CAN"]

1. e4 c5 2. Nf3 Nc6 3. d4 cxd4 4. Nxd4 Nf6 5. Nc3 e5 6. Ndb5 d6 7. Bg5 a6 8.
Na3 b5 9. Bxf6 gxf6 10. Nd5 f5 11. c3 Bg7 12. Bd3 Be6 13. Nxb5 axb5 14. Bxb5
Bd7 15. exf5 Nb8 16. Qg4 Kf8 17. Bc4 Nc6 18. O-O Ne7 19. Qh5 Nxf5 20. Nc7 Nh6
21. Qf3 Ra4 22. Bb3 Qxc7 23. Bxa4 Bxa4 24. Qa8+ Be8 25. a4 Ke7 26. Qe4 Bf6 27.
b4 Bc6 28. Qc4 Qb7 29. f3 Rc8 30. Qe2 Qb6+ 31. Kh1 Nf5 32. b5 Bd5 33. Qd3 Ne3
34. Rfc1 Bc4 35. Qd2 Bg5 36. Rcb1 Bf4 37. Qf2 Qc5 38. b6 Qc6 39. a5 Ba6 40.
Qh4+ Ke6 41. Qh3+ Nf5 42. Qg4 Qa8 43. Ra3 Rg8 44. Qh3 Rg6 45. g4 Ng3+ 46. Kg2
Rh6 47. Qxh6+ Bxh6 48. hxg3 Qc6 49. c4 Qxc4 50. Rab3 Qe2+ 51. Kh3 Bb7 52. R1b2
Qf1+ 53. Kh2 d5 54. Ra2 Qc4 55. Rba3 Ba6 56. Ra4 Qb5 57. R4a3 d4 0-1

[Event "CYCC U14 "]
[Site "Hamilton CAN"]
[Date "2022.07.10"]
[Round "6.5"]
[White "Jiang, Barron Jiyu"]
[Black "Shi, Michael"]
[Result "1/2-1/2"]
[WhiteElo "1740"]
[BlackElo "1970"]
[PlyCount "88"]
[EventDate "2022.07.08"]
[EventType "swiss"]
[EventRounds "7"]
[EventCountry "CAN"]

1. e4 e5 2. Nf3 Nc6 3. d4 exd4 4. Nxd4 Nf6 5. Nxc6 bxc6 6. e5 Qe7 7. Qe2 Nd5 8.
c4 Ba6 9. f4 O-O-O 10. a3 g5 11. Qf2 Nxf4 12. Bxf4 gxf4 13. Qxa7 Qxe5+ 14. Be2
Bb7 15. Nc3 Bc5 16. Qa4 Bd4 17. Qc2 Rhe8 18. Qd3 c5 19. Kf1 Bxc3 20. bxc3 Bxg2+
21. Kxg2 Qxe2+ 22. Qxe2 Rxe2+ 23. Kf3 Rde8 24. a4 R8e3+ 25. Kxf4 Rxc3 26. Kg5
Rxc4 27. a5 Kb7 28. h4 Re6 29. Raf1 Rg6+ 30. Kh5 f6 31. Re1 Rf4 32. a6+ Ka7 33.
Rhf1 Rxf1 34. Rxf1 Kxa6 35. Ra1+ Kb5 36. Ra5+ Kc4 37. Rxc5+ Kd4 38. Rd5+ Ke4
39. Re5+ Kf4 40. Rf5+ Kg3 41. Rf3+ Kh2 42. Rh3+ Kg2 43. Rh2+ Kf3 44. Rf2+ Kxf2
1/2-1/2

[Event "CYCC U14 "]
[Site "Hamilton CAN"]
[Date "2022.07.10"]
[Round "6.6"]
[White "Yuen, Noah Nathaniel"]
[Black "Guliyev, Nadir"]
[Result "1-0"]
[WhiteElo "1954"]
[BlackElo "1279"]
[PlyCount "107"]
[EventDate "2022.07.08"]
[EventType "swiss"]
[EventRounds "7"]
[EventCountry "CAN"]

1. d4 Nf6 2. c4 e6 3. Nf3 d5 4. Nc3 Be7 5. Bg5 Nbd7 6. e3 h6 7. Bh4 O-O 8. Rc1
c6 9. Qc2 Re8 10. Bd3 dxc4 11. Bxc4 Nd5 12. Bg3 N7b6 13. Be2 Bd6 14. O-O Bxg3
15. hxg3 Nd7 16. Rfd1 Qe7 17. e4 Nxc3 18. Qxc3 Nf6 19. Bd3 Bd7 20. Bb1 Red8 21.
Qd3 g6 22. Qe3 Kg7 23. a3 Be8 24. Ba2 Rac8 25. Rd2 b6 26. Rdc2 Qb7 27. b4 Rc7
28. Qf4 Rdc8 29. d5 Nh5 30. Qe5+ f6 31. Qxe6 Bf7 32. Qd6 Qb8 33. Rxc6 Rxc6 34.
Rxc6 Qxd6 35. Rxd6 Rc1+ 36. Kh2 Ra1 37. Bc4 Rxa3 38. Rd7 Kf8 39. e5 Be8 40. Rb7
Rc3 41. Ba6 Ra3 42. b5 Ra5 43. e6 Ng7 44. Nd4 Ra1 45. Nc6 Rd1 46. Nxa7 Rxd5 47.
Rxb6 Re5 48. Bc8 Nf5 49. Rb8 Nd6 50. Bd7 Rh5+ 51. Kg1 Ke7 52. Nc6+ Kf8 53. Bxe8
Nxe8 54. b6 1-0

[Event "CYCC U14 "]
[Site "Hamilton CAN"]
[Date "2022.07.10"]
[Round "6.7"]
[White "Wang, Derek"]
[Black "Leong, Aiden"]
[Result "1-0"]
[WhiteElo "1934"]
[BlackElo "1775"]
[PlyCount "71"]
[EventDate "2022.07.08"]
[EventType "swiss"]
[EventRounds "7"]
[EventCountry "CAN"]

1. Nf3 d5 2. c4 d4 3. b4 c5 4. Bb2 Nd7 5. d3 e5 6. b5 b6 7. g3 Bb7 8. Nbd2 Ngf6
9. Bg2 Bd6 10. O-O Qc7 11. a4 O-O 12. Nb3 a5 13. e3 Rae8 14. e4 h6 15. Nh4 Kh7
16. Bc1 g6 17. Ra2 Nh5 18. Nf5 gxf5 19. Qxh5 f4 20. Bh3 Nf6 21. Bf5+ Kg7 22.
Qh3 Bc8 23. gxf4 Bxf5 24. Qxf5 exf4 25. f3 Nh7 26. Rg2+ Kh8 27. Kh1 Re5 28. Qh3
Re6 29. Rfg1 Be7 30. Qg4 Rg6 31. Qxf4 Bd6 32. Qh4 Be7 33. Qh3 Rxg2 34. Qxg2 Bf6
35. Bxh6 Qe5 36. Bxf8 1-0

[Event "CYCC U14 "]
[Site "Hamilton CAN"]
[Date "2022.07.10"]
[Round "6.8"]
[White "Joseph, Jonath"]
[Black "Locham, Divjot"]
[Result "1/2-1/2"]
[WhiteElo "1782"]
[BlackElo "1751"]
[PlyCount "34"]
[EventDate "2022.07.08"]
[EventType "swiss"]
[EventRounds "7"]
[EventCountry "CAN"]

1. e4 e5 2. Nc3 Nf6 3. f4 d5 4. fxe5 Nxe4 5. Qf3 Nxc3 6. bxc3 c5 7. Bb5+ Nc6 8.
Ne2 Be6 9. Nf4 Qc7 10. Bxc6+ bxc6 11. O-O Qxe5 12. Nxe6 Qxe6 13. Ba3 O-O-O 14.
Qxf7 Qd7 15. Rf3 Bd6 16. Raf1 Rhf8 17. Qxd7+ Rxd7 1/2-1/2

[Event "CYCC U14 "]
[Site "Hamilton CAN"]
[Date "2022.07.10"]
[Round "6.9"]
[White "Zhang, Brian"]
[Black "Wang, Nathan"]
[Result "1/2-1/2"]
[WhiteElo "1842"]
[BlackElo "1566"]
[PlyCount "97"]
[EventDate "2022.07.08"]
[EventType "swiss"]
[EventRounds "7"]
[EventCountry "CAN"]

1. e4 c5 2. Nf3 d6 3. d4 cxd4 4. Nxd4 Nf6 5. Nc3 a6 6. h3 e5 7. Nde2 Be7 8. g4
h6 9. Bg2 Be6 10. O-O g5 11. Ng3 Qc8 12. Nf5 Bxf5 13. exf5 Rg8 14. Be3 h5 15.
Ne4 Nxe4 16. Bxe4 hxg4 17. hxg4 Nc6 18. Qf3 f6 19. Qh1 Bf8 20. Qh5+ Ke7 21. c4
Qe8 22. Qh7+ Rg7 23. Qh8 Qf7 24. Bd5 Rh7 25. Bxf7 Rxh8 26. Bd5 Rh4 27. f3 Kd7
28. a3 Be7 29. Bf7 Rh7 30. Bg6 Rh6 31. Kg2 Na5 32. Rac1 Rb8 33. Bg1 Rc8 34. Bf7
Rf8 35. Be6+ Kc7 36. b4 Nc6 37. Bd5 Kb8 38. Rb1 Na7 39. Rfd1 b5 40. a4 Rc8 41.
cxb5 axb5 42. axb5 Nxb5 43. Ra1 Rc2+ 44. Bf2 Nc3 45. Ra8+ Kc7 46. Ra7+ Kd8 47.
Ra8+ Kc7 48. Ra7+ Kd8 49. Ra8+ 1/2-1/2

[Event "CYCC U14 "]
[Site "Hamilton CAN"]
[Date "2022.07.10"]
[Round "6.10"]
[White "Buczynski, Christian"]
[Black "Georges, Maxim"]
[Result "0-1"]
[WhiteElo "1199"]
[BlackElo "1226"]
[PlyCount "84"]
[EventDate "2022.07.08"]
[EventType "swiss"]
[EventRounds "7"]
[EventCountry "CAN"]

1. d4 Nf6 2. Bg5 e6 3. e4 Be7 4. e5 Nd5 5. Bxe7 Qxe7 6. c3 b6 7. g3 Bb7 8. Nf3
f6 9. exf6 Qxf6 10. Bg2 d6 11. O-O O-O 12. Nbd2 Nd7 13. Qc2 Rac8 14. a4 a5 15.
Rae1 Ba6 16. c4 Nb4 17. Qe4 Rfe8 18. b3 d5 19. Qb1 c5 20. dxc5 Nxc5 21. Qa1 Qg6
22. Qb1 Qxb1 23. Rxb1 dxc4 24. Nxc4 Nxa4 25. bxa4 Rxc4 26. Rfc1 Rec8 27. Rxc4
Rxc4 28. Bf1 Rc3 29. Bxa6 Rxf3 30. Kg2 Ra3 31. Bb5 Nd5 32. Rc1 Nc3 33. Bd7 Kf7
34. Re1 Nxa4 35. Bxe6+ Kf6 36. Bd7 Nc5 37. Bb5 Rb3 38. Bc6 a4 39. Ra1 a3 40.
Kf1 b5 41. Ke1 b4 42. Kd1 Rb2 0-1

[Event "CYCC U14 "]
[Site "Hamilton CAN"]
[Date "2022.07.10"]
[Round "6.11"]
[White "Yang, Larry"]
[Black "Xu, Joey"]
[Result "1-0"]
[WhiteElo "1807"]
[BlackElo "1207"]
[PlyCount "119"]
[EventDate "2022.07.08"]
[EventType "swiss"]
[EventRounds "7"]
[EventCountry "CAN"]

1. e4 c5 2. Nc3 Nc6 3. g3 Nf6 4. Bg2 d6 5. Nge2 g6 6. O-O Bg7 7. d3 O-O 8. f4
e6 9. h3 Qc7 10. g4 Nd4 11. Ng3 Nd7 12. Nce2 b6 13. c3 Nc6 14. f5 Bb7 15. g5
exf5 16. exf5 gxf5 17. Nxf5 Nde5 18. Nxg7 Kxg7 19. Nf4 Rfe8 20. Nd5 Qc8 21. Qh5
Re6 22. Be4 Qg8 23. Nf6 Rxf6 24. gxf6+ Kf8+ 25. Kh2 Ng6 26. Bh6+ Ke8 27. Rae1
Kd8 28. Rg1 Kc7 29. Bd5 Nce5 30. Bxb7 Kxb7 31. d4 Nc6 32. Qd5 Kc7 33. h4 Re8
34. dxc5 bxc5 35. Bf4 Rd8 36. Bd2 Qf8 37. h5 Nge5 38. Rg7 h6 39. Bf4 Rd7 40. b4
Qb8 41. bxc5 Qb2+ 42. Kh1 Qa3 43. cxd6+ Qxd6 44. Bxe5 Nxe5 45. Qxe5 Qxe5 46.
Rxe5 Rd1+ 47. Rg1 Rd7 48. Re7 Kd8 49. Rxd7+ Kxd7 50. Re1 a5 51. Re7+ Kd6 52.
Rxf7 a4 53. Re7 a3 54. Re2 Kc6 55. f7 Kb5 56. f8=Q Kc6 57. Qf5 Kc7 58. Re6 Kd8
59. Qf7 Kc8 60. Re8# 1-0

[Event "CYCC U14 "]
[Site "Hamilton CAN"]
[Date "2022.07.10"]
[Round "6.12"]
[White "Suresh, Pavan"]
[Black "Wang, Andy"]
[Result "0-1"]
[WhiteElo "1413"]
[BlackElo "1806"]
[PlyCount "124"]
[EventDate "2022.07.08"]
[EventType "swiss"]
[EventRounds "7"]
[EventCountry "CAN"]

1. e4 e5 2. Nf3 Nc6 3. Bb5 a6 4. Bxc6 dxc6 5. O-O Bg4 6. d3 Qf6 7. Nbd2 Bd6 8.
Qe1 Ne7 9. h3 Be6 10. b3 c5 11. Bb2 Nc6 12. Nc4 Bxh3 13. gxh3 Qxf3 14. Qe3 Qf6
15. Qg5 Nd4 16. Bxd4 cxd4 17. f4 exf4 18. Nxd6+ Qxd6 19. Qxg7 Qg6+ 20. Qxg6
hxg6 21. Rxf4 Rxh3 22. Raf1 Rh7 23. e5 c5 24. e6 f5 25. Re1 Ke7 26. b4 b6 27.
c3 Rd8 28. bxc5 bxc5 29. cxd4 cxd4 30. Rf2 Rd6 31. Rb2 Kf6 32. Rb8 Re7 33. Rb4
Rexe6 34. Rxe6+ Kxe6 35. Kf2 g5 36. Kf3 Kd5 37. Ra4 Ke6 38. Rc4 Kf6 39. a4 Kg6
40. Rc8 Re6 41. Kf2 Re3 42. Rc6+ Kh5 43. Rxa6 Rxd3 44. a5 Kg4 45. Rd6 f4 46. a6
Rd2+ 47. Ke1 Ra2 48. Rxd4 Rxa6 49. Rd1 Kg3 50. Kf1 g4 51. Rd3+ f3 52. Rd1 Rh6
53. Kg1 f2+ 54. Kf1 Rh1+ 55. Ke2 Rxd1 56. Kxd1 f1=Q+ 57. Kd2 Qf3 58. Ke1 Qf2+
59. Kd1 Kf3 60. Kc1 g3 61. Kd1 g2 62. Kc1 g1=R# 0-1

[Event "CYCC U14 "]
[Site "Hamilton CAN"]
[Date "2022.07.10"]
[Round "6.13"]
[White "Odoemelam, Daniel"]
[Black "Khaimovich, Lev"]
[Result "1/2-1/2"]
[WhiteElo "1559"]
[BlackElo "1259"]
[PlyCount "46"]
[EventDate "2022.07.08"]
[EventType "swiss"]
[EventRounds "7"]
[EventCountry "CAN"]

1. d4 Nf6 2. Bf4 c5 3. dxc5 Na6 4. f3 Nxc5 5. e4 d6 6. Bc4 g6 7. Nc3 Bg7 8. Qd2
a6 9. a4 Bd7 10. Nge2 Rc8 11. Bh6 O-O 12. Bxg7 Kxg7 13. Bd3 Rg8 14. O-O Qb6 15.
Kh1 Nxd3 16. Qxd3 Bc6 17. a5 Qc7 18. Nd4 Rgd8 19. Nxc6 Qxc6 20. Rfe1 d5 21.
exd5 Nxd5 22. Nxd5 Rxd5 23. Qe2 e6 1/2-1/2

[Event "CYCC U14 "]
[Site "Hamilton CAN"]
[Date "2022.07.10"]
[Round "6.15"]
[White "Pollitt, Henry"]
[Black "Puri, Dylan"]
[Result "0-1"]
[WhiteElo "1114"]
[BlackElo "1087"]
[PlyCount "60"]
[EventDate "2022.07.08"]
[EventType "swiss"]
[EventRounds "7"]
[EventCountry "CAN"]

1. d4 d5 2. c4 e6 3. Nc3 Nf6 4. Nf3 c5 5. e3 Be7 6. cxd5 exd5 7. Bb5+ Nc6 8.
Ne5 Qc7 9. Nxc6 bxc6 10. Be2 O-O 11. O-O Bf5 12. dxc5 Bxc5 13. a3 Rfd8 14. Bd3
Be4 15. Bxe4 dxe4 16. Qc2 Qe5 17. b4 Bd6 18. g3 Qf5 19. Kg2 Qf3+ 20. Kg1 Be5
21. Bb2 h5 22. Rab1 Rd3 23. Nxe4 Rad8 24. Nxf6+ gxf6 25. Bxe5 h4 26. gxh4 fxe5
27. h3 Kh8 28. Kh2 Rd2 29. Qc3 Rg8 30. Qxe5+ f6 0-1